000 00447nam a2200181Ia 4500
005 20250425161611.0
008 250425s9999 xx 000 0 und d
041 _aeng
082 _a631.4
100 _aDONAHUE, ROY L.
245 0 _aSOILS : AN INTRODUCTION TO SOILS AND PLANT GROWTH
250 _aS.E.
260 _aENGLEWOOD
260 _aEstados Unidos
_bPRENTICE - HALL, INC.
_c1965
300 _a363
942 _c01
010 _a23986
999 _c212338
_d212338